000 00697nam a22002177a 4500
003 OSt
005 20220921152249.0
008 220921b |||||||| |||| 00| 0 eng d
020 _a82-7111-054-3
040 _cBiblioteca Lado V
082 _a779
_bH968d
100 _aHus Oslo, Kunstnernes
245 _aDias & Riedweg same time else where/
260 _aNoruega
_bSEB
_c1981
300 _a62P.
_c18X25cm
650 _2Tesauro de Arte & Arquitectura
_aFOTOGRAFIA
650 _2Tesauro de Arte & Arquitectura
_aPAISAJE
650 _2Tesauro de Arte & Arquitectura
_aURBANISMO
650 _2Tesauro de Arte & Arquitectura
_aNORUEGA
942 _2ddc
_c1
_h779
_iH968d
_n0
999 _c2081
_d2081